Código Civil: edición oficial, aprobada por Decreto Exento Nº 3296 de 5 de octubre de 2015, del Ministerio de Justicia
Sábháilte in:
| Formáid: | LEABHAR |
|---|---|
| Teanga: | Spáinnis |
| Foilsithe / Cruthaithe: |
Santiago
Jurídica de Chile
2017
|
| Eagrán: | 24a. ed |
| Ábhair: | |
| Clibeanna: |
Cuir clib leis
Níl clibeanna ann, Bí ar an gcéad duine le clib a chur leis an taifead seo!
|
MARC
| LEADER | 00000cam a2200000 a 4500 | ||
|---|---|---|---|
| 001 | UCD8552 | ||
| 003 | CL-VaPUC | ||
| 008 | 170519e20170000cl |||||||||||||||||spa|d | ||
| 020 | |a 9789561024267 | ||
| 082 | 0 | 4 | |a 346.83 |b COD |2 21 |
| 245 | 1 | 0 | |a Código Civil: edición oficial, aprobada por Decreto Exento Nº 3296 de 5 de octubre de 2015, del Ministerio de Justicia |
| 250 | |a 24a. ed | ||
| 300 | |a 1163 p | ||
| 942 | |c BK | ||
| 945 | |d 20170519 15:42:00 |a dcastane | ||
| 260 | |a Santiago |b Jurídica de Chile |c 2017 | ||
| 500 | |a Apéndice actualizado al 5 de mayo de 2017 | ||
| 650 | 0 | |a Código civil |9 256135 | |
| 650 | 0 | |a Derecho civil |9 255013 | |
| 650 | 0 | |a Derechos humanos |9 223025 | |
| 650 | 0 | |a Bienes |9 255749 | |
| 650 | 0 | |a Contratos |9 255153 | |
| 650 | 0 | |a Derecho sucesorio |9 255015 | |
| 650 | 0 | |a Derecho de propiedad |9 256450 | |
| 583 | |a last modification |c 20170519 15:42:00 |k Rodrigo Vera | ||
| 999 | |c 367934 |d 367932 | ||
| 952 | |0 0 |1 0 |3 erb |4 0 |6 346_830000000000000_COD_2017 |7 0 |8 R |9 483149 |a BIBGIM |b BIBGIM |i 537622K |o 346.83 COD 2017 |p 537622K |r 2025-01-15 |w 2019-11-24 |y BK_R |z Catalogado en:20170519 |k SSL | ||
| 952 | |0 0 |1 0 |3 erb |4 0 |6 346_830000000000000_COD_2017 |7 0 |8 R |9 483150 |a BIBGIM |b BIBGIM |i 5376211 |l 1 |o 346.83 COD 2017 |p 5376211 |r 2025-01-15 |s 2022-03-18 |w 2019-11-24 |y BK_R |z Catalogado en:20170519 |k SSL | ||
| 952 | |0 0 |1 0 |3 erb |4 0 |6 346_830000000000000_COD_2017 |7 0 |8 R |9 483151 |a BIBGIM |b BIBGIM |i 5376203 |l 1 |o 346.83 COD 2017 |p 5376203 |r 2025-01-15 |s 2022-05-18 |w 2019-11-24 |y BK_R |z Catalogado en:20170519 |k SSL | ||
| 952 | |0 0 |1 0 |3 erb |4 0 |6 346_830000000000000_COD_2017 |7 0 |8 R |9 483152 |a BIBGIM |b BIBGIM |i 537619K |l 4 |o 346.83 COD 2017 |p 537619K |r 2025-01-15 |s 2024-08-26 |w 2019-11-24 |y BK_R |z Catalogado en:20170519 |k SSL | ||
| 952 | |0 0 |1 0 |3 erb |4 0 |6 346_830000000000000_COD_2017 |7 0 |8 R |9 483153 |a BIBGIM |b BIBGIM |i 5376181 |l 1 |o 346.83 COD 2017 |p 5376181 |r 2025-04-25 |s 2025-04-25 |w 2019-11-24 |y BK_R |z Catalogado en:20170519 |k SSL | ||
| 952 | |0 0 |1 0 |3 erb |4 0 |6 346_830000000000000_COD_2017 |7 0 |8 R |9 483154 |a BIBGIM |b BIBGIM |i 5376173 |l 3 |o 346.83 COD 2017 |p 5376173 |r 2025-03-27 |s 2025-03-27 |w 2019-11-24 |y BK_R |z Catalogado en:20170519 |k SSL | ||